Lí thuyết tiền tệ

Đã lưu trong:
書目詳細資料
主要作者: Dương Thị Bình Minh...[et al.]
格式: 圖書
語言:Undetermined
出版: Hà Nội Giáo Dục 1998
主題:
標簽: 添加標簽
沒有標簽, 成為第一個標記此記錄!
Thư viện lưu trữ: Trung tâm Học liệu Trường Đại học Cần Thơ
LEADER 00510nam a2200169Ia 4500
001 CTU_29758
008 210402s9999 xx 000 0 und d
082 |a 332.1 
082 |b M312/1998 
100 |a Dương Thị Bình Minh...[et al.] 
245 0 |a Lí thuyết tiền tệ 
245 0 |c Dương Thị Bình Minh...[et al.] 
260 |a Hà Nội 
260 |b Giáo Dục 
260 |c 1998 
650 |a banks and banking,money 
980 |a Trung tâm Học liệu Trường Đại học Cần Thơ